00730 2200229 4500001002100000005001700021008004100038035002400079040001200103082001500115090002200130100002100152245009300173260009700266300002500363650003000388700001800418700002200436850001200458990001500470990001500485YOGYA-0209000006217820090227040025.0 ind  0010-020900000062178 aYOPDYOG a499.221605 a499.221605bSut S aSUTAWIJAYA, Alam aStruktur Bahasa Sundabdialek BogorcAlam Sutawijaya, Elin Samsuri, Ny. Ucu Jupena Wahyu aJakartabPusat Pembinaan dan Pengembangan Bahasa. Departemen Pendidikan dan Kebudayaanc1985 axxii, 128 hlmc21 cm aBahasa Sunda - Instruktur aSamsuri, Elin aWahyu, Ucu Jupena aYOPDYOG aA000004293 aA000004021